Hướng dẫn làm kế toán bằng Excel

Sau khi cung cấp một số kiến thức cơ bản về kế toán như văn bản pháp quy của nhà nước về kế toán, chế độ chứng từ kế toán, sách hướng dẫn tổ chức chứng từ kế toán, lập báo cáo tài chính bằng cách sử dụng phần mềm Microsoft Ex...

Descrizione completa

Salvato in:
Dettagli Bibliografici
Autore principale: Trần, Văn Thắng
Natura: Libro
Lingua:Undetermined
Pubblicazione: Hà Nội Thống Kê 2000
Soggetti:
Tags: Aggiungi Tag
Nessun Tag, puoi essere il primo ad aggiungerne! !
Thư viện lưu trữ: Trung tâm Học liệu Trường Đại học Cần Thơ
LEADER 01053nam a2200217Ia 4500
001 CTU_36478
008 210402s9999 xx 000 0 und d
020 |b 80.000đ 
082 |a 657.0285 
082 |b Th116 
100 |a Trần, Văn Thắng 
245 0 |a Hướng dẫn làm kế toán bằng Excel 
245 0 |c Trần Văn Thắng 
260 |a Hà Nội 
260 |b Thống Kê 
260 |c 2000 
520 |a Sau khi cung cấp một số kiến thức cơ bản về kế toán như văn bản pháp quy của nhà nước về kế toán, chế độ chứng từ kế toán, sách hướng dẫn tổ chức chứng từ kế toán, lập báo cáo tài chính bằng cách sử dụng phần mềm Microsoft Excel. 
650 |a Accounting,Accounting,Excel ( computer program language ) 
650 |x Computer-assisted instruction,Data processing 
904 |i Minh, 000505 
980 |a Trung tâm Học liệu Trường Đại học Cần Thơ